[Event "Zonal Oceania 2009"]
[Site "Tweed Heads AUS"]
[Date "2009.06.25"]
[Round "8.20"]
[White "Chan, Jason"]
[Black "Selnes, Hamish"]
[Result "0-1"]
[WhiteElo "2056"]
[BlackElo "1921"]
[PlyCount "102"]
[EventDate "2009.06.20"]
[EventType "swiss"]
[EventRounds "9"]
[EventCountry "AUS"]
[Source "lmi"]
[SourceDate "2009.06.20"]

1. e4 e5 2. Nf3 Nc6 3. Nc3 Nf6 4. g3 d6 5. h3 g6 6. d4 exd4 7. Nxd4 Bg7 8. Be3
O-O 9. Bg2 Bd7 10. O-O Re8 11. f4 Nh5 12. g4 Bxd4 13. Bxd4 Nxd4 14. Qxd4 Ng7
15. Nd5 Re6 16. f5 Re5 17. f6 Ne6 18. Qd2 Bc6 19. Ne7+ Kh8 20. Rac1 Qf8 21. h4
Nc5 22. Qf4 Ne6 23. Qg3 Nc5 24. Rf4 Ne6 25. Rf2 Nc5 26. Re2 Ne6 27. g5 Rd8 28.
Rf2 Bb5 29. Rd2 Bc6 30. c3 Nc5 31. Re2 Bd7 32. Ra1 Ne6 33. Bf3 Re8 34. Qh2 Rxe7
35. fxe7 Qxe7 36. b4 Bc6 37. Re3 a5 38. a3 b6 39. Rae1 Bb7 40. Bg4 Nd8 41. Qf4
Bc6 42. Bc8 Bb7 43. Bxb7 Nxb7 44. Rd1 Nd8 45. Rd5 Kg8 46. Rxe5 dxe5 47. Qf6 Qd7
48. Qxe5 Ne6 49. bxa5 bxa5 50. Qd5 Qa4 51. c4 Qxa3 0-1

[Event "Zonal Oceania 2009"]
[Site "Tweed Heads AUS"]
[Date "2009.06.25"]
[Round "8.21"]
[White "Kempen, Leon"]
[Black "Jule, Sebastian"]
[Result "0-1"]
[WhiteElo "2050"]
[BlackElo "1847"]
[PlyCount "88"]
[EventDate "2009.06.20"]
[EventType "swiss"]
[EventRounds "9"]
[EventCountry "AUS"]
[Source "lmi"]
[SourceDate "2009.06.20"]

1. Nf3 Nf6 2. d4 e6 3. Bf4 c5 4. e3 Qb6 5. Qc1 Nc6 6. c3 d5 7. Bd3 cxd4 8. exd4
Bd7 9. O-O Rc8 10. Bc2 Nh5 11. Be3 Bd6 12. Ne5 Nf6 13. Nxc6 Bxc6 14. h3 Bb5 15.
Re1 Qc7 16. Nd2 Nh5 17. a4 Ba6 18. Qd1 g6 19. Nf1 O-O 20. Bh6 Rfe8 21. Qf3 f5
22. Bg5 Bf4 23. Bxf4 Qxf4 24. Qxf4 Nxf4 25. Re3 Ne2+ 26. Kh2 Nxd4 27. Bd1 Bxf1
28. cxd4 Ba6 29. Bb3 Kf7 30. f4 Rc6 31. g4 Rec8 32. gxf5 gxf5 33. Rae1 R8c7 34.
Kg3 Rb6 35. Bd1 Rcc6 36. Bh5+ Kf6 37. Be8 Rd6 38. Rc3 Bc4 39. Rb1 Ke7 40. Bh5
Rb3 41. Bd1 Rb4 42. Kh4 Ba6 43. Rbc1 Rd8 44. Rc7+ Rd7 0-1

[Event "Zonal Oceania 2009"]
[Site "Tweed Heads AUS"]
[Date "2009.06.25"]
[Round "8.22"]
[White "Stahnke, Alexander"]
[Black "Muller, Jonas"]
[Result "0-1"]
[WhiteElo "1795"]
[BlackElo "1981"]
[PlyCount "84"]
[EventDate "2009.06.20"]
[EventType "swiss"]
[EventRounds "9"]
[EventCountry "AUS"]
[Source "lmi"]
[SourceDate "2009.06.20"]

1. d4 Nf6 2. c4 e6 3. Nc3 Bb4 4. a3 Bxc3+ 5. bxc3 c5 6. e3 O-O 7. Bd3 d6 8. Ne2
Nc6 9. O-O Qc7 10. f3 b6 11. Ng3 Ba6 12. Ra2 Na5 13. Re2 Bxc4 14. Bxc4 Nxc4 15.
e4 cxd4 16. cxd4 b5 17. Bg5 Nd7 18. Nh5 Qb6 19. Kh1 Rfc8 20. f4 a5 21. f5 e5
22. Rf3 f6 23. Bh4 Kf7 24. Rg3 g6 25. fxg6+ hxg6 26. Nxf6 Nxf6 27. Qf1 d5 28.
Rf2 Ra6 29. Rxf6+ Qxf6 30. Rf3 Rcc6 31. Bxf6 dxe4 32. Rf2 e3 33. Rf3 e4 34. Rf4
Rxf6 35. g3 g5 36. Rxf6+ Rxf6 37. Qe1 Rf2 38. Kg1 Rd2 39. Qf1+ Rf2 40. Qb1 Nd2
41. Qa2+ Ke7 42. Kh1 Nf3 0-1

[Event "Zonal Oceania 2009"]
[Site "Tweed Heads AUS"]
[Date "2009.06.25"]
[Round "8.23"]
[White "Illingworth, Max"]
[Black "Lester, George"]
[Result "1-0"]
[WhiteElo "2243"]
[BlackElo "1801"]
[PlyCount "83"]
[EventDate "2009.06.20"]
[EventType "swiss"]
[EventRounds "9"]
[EventCountry "AUS"]
[Source "lmi"]
[SourceDate "2009.06.20"]

1. d4 Nf6 2. c4 g6 3. Nc3 Bg7 4. e4 d6 5. f3 O-O 6. Bg5 c5 7. d5 e6 8. Qd2 exd5
9. cxd5 Nbd7 10. Nh3 Ne5 11. Nf2 Re8 12. Be2 a6 13. a4 Qc7 14. O-O b6 15. Bh6
Bh8 16. f4 Neg4 17. Nxg4 Bxg4 18. Bd3 c4 19. Bc2 b5 20. axb5 axb5 21. Rxa8 Rxa8
22. e5 Ne8 23. Ne4 dxe5 24. f5 Nd6 25. fxg6 hxg6 26. Qg5 Nxe4 27. Bxe4 Qa7+ 28.
Kh1 Qd7 29. d6 Re8 30. h3 Be2 31. Rxf7 Qxf7 32. Bd5 Re6 33. Bxe6 Qxe6 34. Qd8+
Kh7 35. Qe7+ Qxe7 36. dxe7 Kxh6 37. e8=Q Kh7 38. Qxb5 Bd3 39. b3 e4 40. bxc4
Bg7 41. Qd5 Bc2 42. Qe6 1-0

[Event "Zonal Oceania 2009"]
[Site "Tweed Heads AUS"]
[Date "2009.06.25"]
[Round "8.24"]
[White "Jones, Brian"]
[Black "Weller, Tony"]
[Result "1/2-1/2"]
[WhiteElo "2062"]
[BlackElo "1987"]
[PlyCount "92"]
[EventDate "2009.06.20"]
[EventType "swiss"]
[EventRounds "9"]
[EventCountry "AUS"]
[Source "lmi"]
[SourceDate "2009.06.20"]

1. d4 Nf6 2. c4 e6 3. Nc3 d5 4. Bg5 Be7 5. Nf3 O-O 6. Qc2 Nc6 7. e3 h6 8. Bh4
b6 9. Be2 Nb4 10. Qb3 c5 11. O-O dxc4 12. Bxc4 Nbd5 13. Rfd1 Nxc3 14. bxc3 Qc7
15. Rac1 Bb7 16. Be2 Rac8 17. c4 Rfd8 18. Bg3 Bd6 19. Bxd6 Rxd6 20. Qa3 Rcd8
21. dxc5 Rxd1+ 22. Rxd1 Rxd1+ 23. Bxd1 Bxf3 24. Bxf3 Qxc5 25. Qxa7 Qxc4 26. g3
b5 27. Kg2 b4 28. Qa4 Qc3 29. Bd1 g6 30. Qa8+ Kg7 31. h3 Qa3 32. Qb7 Qd3 33.
Bf3 Qd2 34. Qe7 Nd5 35. Bxd5 Qxd5+ 36. Kg1 Qa5 37. h4 Qa4 38. Kg2 Qc6+ 39. Kg1
Qc3 40. Kg2 e5 41. Kg1 Qb2 42. Kg2 h5 43. Kg1 Qb1+ 44. Kg2 e4 45. Qe5+ Kh7 46.
Qd5 Kg7 1/2-1/2

[Event "Zonal Oceania 2009"]
[Site "Tweed Heads AUS"]
[Date "2009.06.25"]
[Round "8.25"]
[White "Fitzpatrick, Andrew"]
[Black "Encel, Benjamin"]
[Result "1-0"]
[WhiteElo "2022"]
[BlackElo "1838"]
[PlyCount "72"]
[EventDate "2009.06.20"]
[EventType "swiss"]
[EventRounds "9"]
[EventCountry "AUS"]
[Source "lmi"]
[SourceDate "2009.06.20"]

1. e4 c5 2. Nc3 g6 3. f4 Bg7 4. Nf3 Nc6 5. Bc4 d6 6. O-O Nf6 7. d3 O-O 8. Qe1
Na5 9. e5 Ne8 10. e6 Nxc4 11. exf7+ Rxf7 12. dxc4 Rf8 13. f5 Bxf5 14. Nd5 e6
15. Bg5 Nf6 16. Nf4 Qd7 17. Rd1 Ne4 18. g4 Nxg5 19. Nxg5 Bxg4 20. Qh4 Bd4+ 21.
Rxd4 cxd4 22. Qxg4 Rf5 23. Ngxe6 Rf6 24. Re1 Re8 25. Nd5 Rf7 26. Re4 Kh8 27. h4
Rf5 28. Nxd4 Rxd5 29. cxd5 Re5 30. Qd1 Qg7 31. c3 g5 32. hxg5 Rxg5+ 33. Kf2
Rg2+ 34. Kf3 Rxb2 35. Qe1 h5 36. Ne6 Qe7 1-0

[Event "Zonal Oceania 2009"]
[Site "Tweed Heads AUS"]
[Date "2009.06.25"]
[Round "8.27"]
[White "Searle, Zachary"]
[Black "Norris, Damian"]
[Result "1-0"]
[WhiteElo "1791"]
[BlackElo "2142"]
[PlyCount "73"]
[EventDate "2009.06.20"]
[EventType "swiss"]
[EventRounds "9"]
[EventCountry "AUS"]
[Source "lmi"]
[SourceDate "2009.06.20"]

1. e4 e6 2. d4 d5 3. exd5 exd5 4. c4 Nf6 5. Nc3 Bb4 6. Bd3 O-O 7. Nge2 dxc4 8.
Bxc4 c5 9. d5 a6 10. a4 h6 11. O-O Nbd7 12. Bf4 Nb6 13. b3 Bg4 14. f3 Bf5 15.
Qd2 Re8 16. Qb2 Kh7 17. Rad1 Qd7 18. h4 Rad8 19. g4 Bxg4 20. fxg4 Qxg4+ 21. Ng3
Nh5 22. Be2 Bxc3 23. Qc2+ Qg6 24. Bd3 Bd4+ 25. Kh1 Nxf4 26. Rxf4 Nxd5 27. Bxg6+
fxg6 28. Rg4 Re6 29. Rxg6 Ne3 30. Qd3 Rxg6 31. h5 Nxd1 32. hxg6+ Kg8 33. Qxd1
Rd6 34. Qg4 Bf6 35. Ne4 Rd4 36. Qe6+ Kf8 37. Qf7# 1-0

[Event "Zonal Oceania 2009"]
[Site "Tweed Heads AUS"]
[Date "2009.06.25"]
[Round "8.29"]
[White "Ford, Daniel"]
[Black "Milligan, Helen"]
[Result "1/2-1/2"]
[WhiteElo "1792"]
[BlackElo "1985"]
[PlyCount "229"]
[EventDate "2009.06.20"]
[EventType "swiss"]
[EventRounds "9"]
[EventCountry "AUS"]
[Source "lmi"]
[SourceDate "2009.06.20"]

1. e4 e5 2. Nf3 Nc6 3. d4 exd4 4. Nxd4 Bc5 5. Be3 Qf6 6. c3 Nge7 7. g3 d6 8.
Bg2 h5 9. h3 Bd7 10. Qd2 O-O 11. O-O Bb6 12. Na3 Nxd4 13. Bxd4 Bxd4 14. cxd4
Rfd8 15. Rac1 c6 16. Nc2 d5 17. e5 Qg6 18. Qb4 Nf5 19. Qxb7 Be8 20. Qb3 Rab8
21. Qc3 Rb6 22. b3 Rdb8 23. Qd2 Bd7 24. Kh2 Ra6 25. Ra1 Rab6 26. Rfe1 Nh6 27.
Qe2 h4 28. Ne3 hxg3+ 29. fxg3 Rb4 30. Nc2 R4b6 31. Bf3 Bf5 32. Ne3 Bd3 33. Qf2
Rb4 34. Ng2 Qh7 35. Kg1 Nf5 36. Nf4 Ba6 37. Rad1 g5 38. Nh5 Kh8 39. Kh2 Bc8 40.
Nf6 Qh6 41. Bg2 Be6 42. Re2 Ne7 43. Qf3 Nf5 44. Red2 Kg7 45. Qh5 Qxh5 46. Nxh5+
Kg6 47. g4 Ne7 48. Rf2 Ng8 49. Bf1 Kh6 50. Rc2 R8b6 51. Kg2 Ne7 52. Rf2 Ng8 53.
Rf3 a5 54. Rfd3 a4 55. Rb1 Ne7 56. Kf2 Ng6 57. Be2 Kh7 58. Bd1 Kg8 59. Bc2 Kf8
60. Rf1 axb3 61. Rxb3 Ke7 62. Ke3 Nh4 63. Rf2 R6b5 64. Bd1 Ng6 65. Rfb2 Rxb3+
66. Rxb3 Nf8 67. Kd3 Ra5 68. a4 Nd7 69. Ra3 c5 70. Ng3 cxd4 71. Kxd4 f6 72.
exf6+ Nxf6 73. Re3 Nd7 74. Nf5+ Kf6 75. Nd6 Nc5 76. Ra3 Bd7 77. Rf3+ Ke6 78.
Nf5 Nxa4 79. Ng7+ Ke7 80. Bxa4 Rxa4+ 81. Kxd5 Ra5+ 82. Kd4 Ra4+ 83. Ke3 Ra3+
84. Kf2 Rxf3+ 85. Kxf3 Kf6 86. Nh5+ Kg6 87. Ng3 Bc6+ 88. Ne4 Bb7 89. Ke3 Bc6
90. Kd4 Bb7 91. Ke5 Bc6 92. Kd4 Bb7 93. Ke3 Bc6 94. Nf2 Bg2 95. Kd4 Bf1 96. Ke5
Bg2 97. Ke6 Bf1 98. Ke5 Bg2 99. Kd4 Bf1 100. Ke3 Bg2 101. Ke2 Bc6 102. Kf1 Bf3
103. Kg1 Bc6 104. Kh2 Bb7 105. Kg3 Bc6 106. Nd3 Bb5 107. Ne5+ Kf6 108. Nf3 Ba6
109. Nd4 Bd3 110. Nb3 Bf1 111. Nd2 Ba6 112. Nb1 Bd3 113. Nc3 Ke5 114. h4 gxh4+
115. Kxh4 1/2-1/2

[Event "Zonal Oceania 2009"]
[Site "Tweed Heads AUS"]
[Date "2009.06.25"]
[Round "8.33"]
[White "Hernandez, Roberto"]
[Black "Sannidhanam, Anurag"]
[Result "0-1"]
[WhiteElo "1830"]
[BlackElo "1705"]
[PlyCount "38"]
[EventDate "2009.06.20"]
[EventType "swiss"]
[EventRounds "9"]
[EventCountry "AUS"]
[Source "lmi"]
[SourceDate "2009.06.20"]

1. e4 c5 2. Nf3 e6 3. d4 cxd4 4. Nxd4 Nf6 5. Nc3 Bb4 6. Bd3 Bxc3+ 7. bxc3 O-O
8. e5 Nd5 9. Bd2 Qc7 10. O-O Qxe5 11. f4 Qf6 12. f5 e5 13. c4 e4 14. Bxe4 Qxd4+
15. Kh1 Qxe4 16. cxd5 f6 17. d6 b6 18. Rf4 Qe5 19. Qh5 Qxa1+ 0-1

[Event "Zonal Oceania 2009"]
[Site "Tweed Heads AUS"]
[Date "2009.06.25"]
[Round "8.36"]
[White "Raicar, Gaurav"]
[Black "Hughes, Harry"]
[Result "1-0"]
[WhiteElo "1560"]
[BlackElo "1554"]
[PlyCount "53"]
[EventDate "2009.06.20"]
[EventType "swiss"]
[EventRounds "9"]
[EventCountry "AUS"]
[Source "lmi"]
[SourceDate "2009.06.20"]

1. d4 Nf6 2. Nf3 e6 3. e3 Be7 4. Bd3 d5 5. b3 c5 6. O-O O-O 7. Bb2 b6 8. Nbd2
Bb7 9. Ne5 Nbd7 10. f4 Nxe5 11. fxe5 Nd7 12. Rf3 h6 13. Rh3 f5 14. exf6 Nxf6
15. Qe2 Qc8 16. c4 Rd8 17. cxd5 exd5 18. Rf1 Qg4 19. Rhf3 Kh8 20. Qf2 Bd6 21.
dxc5 bxc5 22. Bxf6 gxf6 23. Rxf6 Qh5 24. h3 Bc8 25. Rg6 Bb7 26. Qf6+ Kh7 27.
Qg7# 1-0

[Event "Zonal Oceania 2009"]
[Site "Tweed Heads AUS"]
[Date "2009.06.26"]
[Round "9.1"]
[White "Smerdon, David"]
[Black "Rej, Tomek"]
[Result "1-0"]
[WhiteElo "2489"]
[BlackElo "2308"]
[PlyCount "59"]
[EventDate "2009.06.20"]
[EventType "swiss"]
[EventRounds "9"]
[EventCountry "AUS"]
[Source "lmi"]
[SourceDate "2009.06.20"]

1. e4 e5 2. Nf3 Nc6 3. d4 exd4 4. Nxd4 Bc5 5. Nxc6 Qf6 6. Qf3 Qxf3 7. gxf3 bxc6
8. Be3 Bxe3 9. fxe3 Ne7 10. Nc3 O-O 11. f4 d6 12. Rg1 f5 13. Bc4+ Kh8 14. e5
dxe5 15. O-O-O Ng6 16. Rd3 e4 17. Rd2 Nh4 18. Rgd1 g6 19. Rd8 Kg7 20. Rxf8 Kxf8
21. Rd8+ Ke7 22. Rh8 h5 23. Ba6 Nf3 24. h3 Kf6 25. Rxc8 Rxc8 26. Bxc8 g5 27.
Ne2 Nh2 28. Ng3 g4 29. Nxh5+ Kg6 30. Ng3 1-0

[Event "Zonal Oceania 2009"]
[Site "Tweed Heads AUS"]
[Date "2009.06.26"]
[Round "9.2"]
[White "Bjelobrk, Igor"]
[Black "Zhao, Zong Yuan"]
[Result "1/2-1/2"]
[WhiteElo "2332"]
[BlackElo "2583"]
[PlyCount "87"]
[EventDate "2009.06.20"]
[EventType "swiss"]
[EventRounds "9"]
[EventCountry "AUS"]
[Source "lmi"]
[SourceDate "2009.06.20"]

1. Nf3 Nf6 2. c4 e6 3. g3 d5 4. Bg2 Be7 5. O-O O-O 6. d4 dxc4 7. Qc2 a6 8. a4
Bd7 9. Qxc4 Bc6 10. Bg5 a5 11. Nc3 Na6 12. Bxf6 Bxf6 13. e4 Nb4 14. Rfd1 Rc8
15. Qe2 Re8 16. Rd2 b6 17. Qe3 Bb7 18. h4 h6 19. Rad1 Be7 20. Bh3 Bd6 21. Ne1
Rb8 22. Kh2 f5 23. e5 Be7 24. Ng2 Bxg2 25. Bxg2 c6 26. h5 Qd7 27. f4 Nd5 28.
Nxd5 cxd5 29. g4 fxg4 30. Qg3 g5 31. Qxg4 Rf8 32. Rf1 Rf5 33. Bh3 Rbf8 34. b3
Kh8 35. Rdf2 Rg8 36. Qe2 Rxf4 37. Rxf4 gxf4 38. Rxf4 Bg5 39. Rf1 Qe7 40. Qg4
Rf8 41. Rf3 Rxf3 42. Qxf3 Kg7 43. Kg2 Qf7 44. Qxf7+ 1/2-1/2

[Event "Zonal Oceania 2009"]
[Site "Tweed Heads AUS"]
[Date "2009.06.26"]
[Round "9.4"]
[White "Xie, George"]
[Black "Cheng, Bobby"]
[Result "1/2-1/2"]
[WhiteElo "2402"]
[BlackElo "2103"]
[PlyCount "81"]
[EventDate "2009.06.20"]
[EventType "swiss"]
[EventRounds "9"]
[EventCountry "AUS"]
[Source "lmi"]
[SourceDate "2009.06.20"]

1. e4 e6 2. d4 d5 3. Nd2 Nf6 4. e5 Nfd7 5. c3 c5 6. Bd3 b6 7. a3 Ba6 8. Bxa6
Nxa6 9. Nh3 Nab8 10. c4 Nc6 11. cxd5 Nxd4 12. dxe6 Nxe6 13. Nc4 b5 14. Nd6+
Bxd6 15. Qxd6 Qc7 16. Qxc7 Nxc7 17. O-O Ne6 18. f4 Nd4 19. Rb1 Ne2+ 20. Kf2
Nxc1 21. Rfxc1 c4 22. Rd1 Nc5 23. Rd5 Rc8 24. Ke3 Ke7 25. f5 Rhd8 26. Nf4 g5
27. fxg6 hxg6 28. h4 Rxd5 29. Nxd5+ Ke6 30. Nc3 a6 31. Rf1 Nd3 32. Rf6+ Kxe5
33. Rxa6 Nxb2 34. Rb6 Rc5 35. g4 Na4 36. Rxb5 Rxb5 37. Nxb5 f5 38. gxf5 Kxf5
39. Nd6+ Kg4 40. Nxc4 Kxh4 41. Nd2 1/2-1/2

[Event "Zonal Oceania 2009"]
[Site "Tweed Heads AUS"]
[Date "2009.06.26"]
[Round "9.5"]
[White "Ly, Moulthun"]
[Black "West, Guy"]
[Result "1/2-1/2"]
[WhiteElo "2340"]
[BlackElo "2343"]
[PlyCount "39"]
[EventDate "2009.06.20"]
[EventType "swiss"]
[EventRounds "9"]
[EventCountry "AUS"]
[Source "lmi"]
[SourceDate "2009.06.20"]

1. e4 e6 2. d4 d5 3. Nd2 dxe4 4. Nxe4 Nd7 5. Nf3 Ngf6 6. Nxf6+ Nxf6 7. Be3 Be7
8. Bd3 O-O 9. O-O b6 10. Qe2 Bb7 11. Ba6 Qc8 12. Bxb7 Qxb7 13. c4 a6 14. Bg5 h6
15. Bh4 Rfe8 16. Rac1 Rac8 17. Rfd1 c5 18. dxc5 Rxc5 19. Ne5 Rc7 20. Rc2
1/2-1/2

[Event "Zonal Oceania 2009"]
[Site "Tweed Heads AUS"]
[Date "2009.06.26"]
[Round "9.6"]
[White "Scott, Ronald"]
[Black "Steadman, Michael"]
[Result "0-1"]
[WhiteElo "2261"]
[BlackElo "2262"]
[PlyCount "112"]
[EventDate "2009.06.20"]
[EventType "swiss"]
[EventRounds "9"]
[EventCountry "AUS"]
[Source "lmi"]
[SourceDate "2009.06.20"]

1. d4 g6 2. c4 Bg7 3. Nf3 c5 4. d5 d6 5. g3 b5 6. Nbd2 a6 7. Bg2 Nd7 8. O-O Nb6
9. e4 e6 10. Qb3 Ne7 11. cxb5 exd5 12. exd5 O-O 13. Rd1 axb5 14. Qxb5 Bd7 15.
Qd3 Ba4 16. Re1 Nexd5 17. a3 Qd7 18. Rb1 Bb5 19. Qc2 Rfe8 20. Ne4 f5 21. Neg5
Rxe1+ 22. Nxe1 Re8 23. Nef3 h6 24. Nh3 g5 25. Bxg5 hxg5 26. Nhxg5 Re2 27. Qd1
Rxb2 28. Rxb2 Bxb2 29. Nh4 Bd4 30. Qh5 Nf6 31. Qg6+ Qg7 32. Qxf5 Bd7 33. Qf4
Be5 34. Qc1 Ng4 35. h3 Nh6 36. f4 Bd4+ 37. Kh2 Nf7 38. Ngf3 Bb2 39. Qe1 Qc3 40.
Qe4 Qf6 41. Qb7 d5 42. Ng5 Bxa3 43. Bxd5 Nxd5 44. Qxd7 Ne7 45. Ne6 c4 46. g4
Ng6 47. Nxg6 Qxg6 48. Qc8+ Kh7 49. Qxc4 Bd6 50. Kg2 Qf6 51. Qe4+ Kg8 52. g5
Qb2+ 53. Kg3 Qb3+ 54. Kh4 Nh8 55. g6 Be7+ 56. Kh5 Qxh3# 0-1

[Event "Zonal Oceania 2009"]
[Site "Tweed Heads AUS"]
[Date "2009.06.26"]
[Round "9.8"]
[White "Stead, Kerry"]
[Black "Canfell, Gregory"]
[Result "1/2-1/2"]
[WhiteElo "2087"]
[BlackElo "2327"]
[PlyCount "119"]
[EventDate "2009.06.20"]
[EventType "swiss"]
[EventRounds "9"]
[EventCountry "AUS"]
[Source "lmi"]
[SourceDate "2009.06.20"]

1. e4 c5 2. Nc3 Nc6 3. f4 g6 4. Nf3 Bg7 5. Bc4 d6 6. O-O Nf6 7. d3 O-O 8. a4
Nd4 9. Nxd4 cxd4 10. Nd5 Nxd5 11. Bxd5 e6 12. Bb3 Bd7 13. Bd2 Kh8 14. Qe2 f5
15. Bb4 Qb6 16. Ba3 Rfe8 17. a5 Qc7 18. Rae1 Rad8 19. e5 dxe5 20. fxe5 Qxa5 21.
Bd6 Bc6 22. Ra1 Qb6 23. Qd2 a6 24. Qg5 Rd7 25. h4 Qd8 26. Qf4 Rxd6 27. exd6 e5
28. Qh2 Qxd6 29. h5 Rf8 30. hxg6 Qxg6 31. c3 dxc3 32. bxc3 f4 33. Bc2 f3 34.
Rae1 Rf4 35. Rf2 Qg5 36. Qh3 Qg4 37. Qxg4 Rxg4 38. Bd1 Rxg2+ 39. Rxg2 fxg2 40.
Bg4 Bf8 41. d4 exd4 42. cxd4 Kg7 43. Be6 Bb4 44. Re2 Bf3 45. Re3 Kf6 46. Bg8
Bc6 47. Bxh7 a5 48. Bb1 a4 49. Ba2 Kf5 50. Re2 Bf3 51. Rf2 Ke4 52. Rxf3 Kxf3
53. Bd5+ Kf4 54. Kxg2 b5 55. Kf2 Bc3 56. Ke2 Bxd4 57. Kd3 Ke5 58. Bf7 b4 59.
Be8 a3 60. Bf7 1/2-1/2

[Event "Zonal Oceania 2009"]
[Site "Tweed Heads AUS"]
[Date "2009.06.26"]
[Round "9.9"]
[White "Garbett, Paul"]
[Black "Smith, Robert"]
[Result "1/2-1/2"]
[WhiteElo "2319"]
[BlackElo "2274"]
[PlyCount "143"]
[EventDate "2009.06.20"]
[EventType "swiss"]
[EventRounds "9"]
[EventCountry "AUS"]
[Source "lmi"]
[SourceDate "2009.06.20"]

1. e4 c5 2. Nf3 g6 3. d4 cxd4 4. Qxd4 Nf6 5. e5 Nc6 6. Qa4 Nd5 7. Qb3 Nc7 8.
Bc4 Ne6 9. Bxe6 fxe6 10. O-O Bg7 11. Bf4 O-O 12. Bg3 b6 13. Nbd2 Bb7 14. a3 Rc8
15. Qe3 Na5 16. Nd4 Qc7 17. Rad1 Nc4 18. Nxc4 Qxc4 19. Rd2 b5 20. Rfd1 Qc5 21.
c3 Bd5 22. Re1 a5 23. Bh4 Rf7 24. Bg5 Rb8 25. h4 b4 26. cxb4 axb4 27. Rc2 Qb6
28. Rec1 bxa3 29. bxa3 d6 30. Rc8+ Rxc8 31. Rxc8+ Rf8 32. Rxf8+ Bxf8 33. exd6
exd6 34. Kh2 Bg7 35. Nf5 Qxe3 36. Nxe3 Bb3 37. Kg1 Bb2 38. a4 Bc3 39. Ng4 Kf7
40. Bc1 Bxa4 41. Ba3 Ke7 42. f4 Kd7 43. Kf2 Bd4+ 44. Ke2 Bb5+ 45. Kd2 h5 46.
Ne3 Bf6 47. g3 Bd8 48. Bb2 Ba5+ 49. Bc3 Bb6 50. Bb2 Kc6 51. Bc3 Bc5 52. Bf6 Ba6
53. Bc3 Kb5 54. Bf6 Bb4+ 55. Ke2 Kc5+ 56. Kf2 Bd3 57. g4 Bd2 58. gxh5 gxh5 59.
Kf3 d5 60. Be7+ Kc6 61. Bf6 Kd7 62. Be5 Be1 63. Bf6 Ke8 64. f5 Kf7 65. fxe6+
Kxf6 66. Nxd5+ Kg7 67. Nf4 Bc4 68. Nxh5+ Kf8 69. Nf4 Ke7 70. h5 Bxe6 71. Nxe6
Kxe6 72. Ke4 1/2-1/2

[Event "Zonal Oceania 2009"]
[Site "Tweed Heads AUS"]
[Date "2009.06.26"]
[Round "9.10"]
[White "Oliver, Gareth"]
[Black "Rujevic, Mirko"]
[Result "1-0"]
[WhiteElo "2187"]
[BlackElo "2282"]
[PlyCount "129"]
[EventDate "2009.06.20"]
[EventType "swiss"]
[EventRounds "9"]
[EventCountry "AUS"]
[Source "lmi"]
[SourceDate "2009.06.20"]

1. d4 Nf6 2. c4 g6 3. Nc3 Bg7 4. e4 d6 5. Be2 O-O 6. Nf3 c6 7. O-O Nbd7 8. Be3
e5 9. d5 c5 10. Ne1 Ne8 11. g4 f5 12. gxf5 gxf5 13. exf5 Rxf5 14. Ne4 Nf8 15.
Nf3 Ng6 16. Bg5 Qd7 17. Kh1 Nf4 18. Nh4 Rf8 19. Bf3 Nh3 20. Be3 Qe7 21. Ng2 Nf6
22. Nxf6+ Qxf6 23. Be4 Bf5 24. Qc2 Bxe4 25. Qxe4 Qf3 26. Qxf3 Rxf3 27. Ne1 Rf7
28. Nd3 e4 29. Kg2 exd3 30. Kxh3 Re8 31. Rg1 Kh8 32. Rg4 Bxb2 33. Rd1 Rg7 34.
Rxd3 Rxg4 35. Kxg4 Be5 36. f4 Bf6 37. Kf5 Kg7 38. Rb3 Re7 39. Bf2 b6 40. Re3
Rxe3 41. Bxe3 Kf7 42. Kg4 Bb2 43. a4 Kf6 44. Bf2 Bd4 45. Bh4+ Kf7 46. f5 Bc3
47. Bg3 Ke7 48. Bf4 Bd4 49. Kg5 a6 50. Kg4 Bc3 51. Bg5+ Ke8 52. h4 Bd4 53. Kh5
Kf7 54. Bd8 b5 55. axb5 axb5 56. cxb5 c4 57. b6 c3 58. b7 c2 59. Bg5 Ba7 60.
Kh6 c1=Q 61. Bxc1 Kf6 62. Kxh7 Kxf5 63. h5 Ke5 64. h6 Kxd5 65. Kg8 1-0

[Event "Zonal Oceania 2009"]
[Site "Tweed Heads AUS"]
[Date "2009.06.26"]
[Round "9.12"]
[White "Schon, Eugene"]
[Black "Liu, Yi"]
[Result "1-0"]
[WhiteElo "2186"]
[BlackElo "1997"]
[PlyCount "45"]
[EventDate "2009.06.20"]
[EventType "swiss"]
[EventRounds "9"]
[EventCountry "AUS"]
[Source "lmi"]
[SourceDate "2009.06.20"]

1. e4 e6 2. d4 d5 3. Nc3 Bb4 4. e5 c5 5. a3 Bxc3+ 6. bxc3 Qc7 7. Qg4 f5 8. Qg3
cxd4 9. cxd4 Ne7 10. Ne2 Nec6 11. h4 b6 12. c4 dxc4 13. Be3 Na5 14. Nf4 Nb3 15.
Rb1 b5 16. Be2 a5 17. Bh5+ Kd8 18. d5 Qe7 19. O-O Na6 20. d6 Qd7 21. Bf3 Rb8
22. Nh5 Qf7 23. Bg5+ 1-0

[Event "Zonal Oceania 2009"]
[Site "Tweed Heads AUS"]
[Date "2009.06.26"]
[Round "9.13"]
[White "Nakauchi, Gene"]
[Black "Jule, Alexandra"]
[Result "1-0"]
[WhiteElo "2076"]
[BlackElo "1928"]
[PlyCount "55"]
[EventDate "2009.06.20"]
[EventType "swiss"]
[EventRounds "9"]
[EventCountry "AUS"]
[Source "lmi"]
[SourceDate "2009.06.20"]

1. d4 d5 2. c4 e6 3. Nc3 c6 4. e4 Nf6 5. cxd5 cxd5 6. exd5 Nxd5 7. Nf3 Nc6 8.
Bd3 Be7 9. O-O O-O 10. a3 a6 11. Re1 f5 12. Bc4 Bf6 13. Ba2 Qd6 14. Bg5 Bd7 15.
Bxf6 Rxf6 16. Nxd5 exd5 17. Qb3 Be6 18. Rac1 b5 19. Qc3 Bf7 20. Ne5 Rc8 21. Qf3
Be6 22. Qd3 Rc7 23. Qc3 Bf7 24. Nxf7 Rfxf7 25. Qc5 Rfd7 26. Qxd6 Rxd6 27. Rc5
Rcd7 28. Bxd5+ 1-0

[Event "Zonal Oceania 2009"]
[Site "Tweed Heads AUS"]
[Date "2009.06.26"]
[Round "9.14"]
[White "Selnes, Hamish"]
[Black "Kumar, Manoj"]
[Result "1/2-1/2"]
[WhiteElo "1921"]
[BlackElo "2017"]
[PlyCount "62"]
[EventDate "2009.06.20"]
[EventType "swiss"]
[EventRounds "9"]
[EventCountry "AUS"]
[Source "lmi"]
[SourceDate "2009.06.20"]

1. d4 Nf6 2. c4 e6 3. Nc3 Bb4 4. a3 Bxc3+ 5. bxc3 b6 6. f3 Ba6 7. e4 Nc6 8. Nh3
Na5 9. Qa4 Qc8 10. Nf2 O-O 11. Bd3 Ne8 12. c5 Bxd3 13. Nxd3 d6 14. cxd6 cxd6
15. Bd2 Qc4 16. Qxc4 Nxc4 17. Ke2 Nc7 18. Rhb1 Rfc8 19. Nb2 Na6 20. Nxc4 Rxc4
21. Kd3 Rac8 22. a4 Nb8 23. a5 Nd7 24. axb6 axb6 25. Ra7 R4c7 26. Rba1 f6 27.
Rxc7 Rxc7 28. Be3 Kf7 29. Ra6 Ke7 30. Ra8 b5 31. Ra6 Rb7 1/2-1/2

[Event "Zonal Oceania 2009"]
[Site "Tweed Heads AUS"]
[Date "2009.06.26"]
[Round "9.16"]
[White "Muller, Jonas"]
[Black "Goundar, Sanmogam"]
[Result "1-0"]
[WhiteElo "1981"]
[BlackElo "1903"]
[PlyCount "41"]
[EventDate "2009.06.20"]
[EventType "swiss"]
[EventRounds "9"]
[EventCountry "AUS"]
[Source "lmi"]
[SourceDate "2009.06.20"]

1. e4 c5 2. Nf3 d6 3. d4 cxd4 4. Nxd4 Nf6 5. Nc3 g6 6. Be3 Bg7 7. f3 O-O 8. Qd2
Nc6 9. Bc4 Bd7 10. O-O-O Rc8 11. Bb3 Ne5 12. Kb1 Re8 13. h4 h5 14. g4 hxg4 15.
Rdg1 e6 16. h5 Nxh5 17. Bh6 g3 18. Rxh5 gxh5 19. Rxg3 Ng6 20. Nf5 exf5 21. Rxg6
1-0

[Event "Zonal Oceania 2009"]
[Site "Tweed Heads AUS"]
[Date "2009.06.26"]
[Round "9.18"]
[White "Stevens, Tristan"]
[Black "Illingworth, Max"]
[Result "0-1"]
[WhiteElo "2006"]
[BlackElo "2243"]
[PlyCount "79"]
[EventDate "2009.06.20"]
[EventType "swiss"]
[EventRounds "9"]
[EventCountry "AUS"]
[Source "lmi"]
[SourceDate "2009.06.20"]

1. e4 c5 2. Nc3 e6 3. f4 a6 4. Nf3 b5 5. d3 Bb7 6. g4 d5 7. Qe2 Ne7 8. Bg2 h5
9. O-O hxg4 10. Ng5 Nbc6 11. Qxg4 Nd4 12. Rf2 g6 13. Be3 Bg7 14. Re1 b4 15. Nd1
Qc8 16. c3 bxc3 17. bxc3 Nb5 18. f5 gxf5 19. exf5 exf5 20. Bxc5 Qxc5 21. Qxf5
Nd6 22. Qf4 Rf8 23. d4 Qb6 24. Rb2 Qd8 25. c4 Ra7 26. c5 Ne4 27. Nxe4 dxe4 28.
Rd2 f5 29. d5 Nxd5 30. Qg3 Qc7 31. Qg6+ Rf7 32. Rf1 Qxc5+ 33. Kh1 Ne7 34. Qe6
Bd5 35. Rxd5 Qxd5 36. Qb6 Qb7 37. Qa5 Qb5 38. Qd2 Rd7 39. Qf4 Qe5 40. Qc1 0-1